[Event "EU-ch Online U2300 Qual"]
[Site "Chess.com INT"]
[Date "2020.05.25"]
[Round "1"]
[White "Khazieva, Elza"]
[Black "Kocheev, Aleksandr"]
[Result "0-1"]
[WhiteElo "2016"]
[BlackElo "2315"]
[PlyCount "132"]
[EventDate "2020.05.25"]
[EventType "swiss"]
[EventRounds "8"]
[EventCountry "NET"]
[SourceTitle "EXT 2021"]
[Source "ChessBase"]
[SourceDate "2020.10.23"]
[SourceVersion "1"]
[SourceVersionDate "2020.10.23"]
[SourceQuality "1"]

1. e4 e5 2. Nf3 Nc6 3. Bc4 Nf6 4. d3 Be7 5. c3 0-0 6. Bb3 d6 7. Nbd2 d5 8. 0-0 Bg4 9. h3 Bh5 10. Qe2 dxe4 11. dxe4 Nd7 12. Ba4 Bd6 13. Bxc6 bxc6 14. Rd1 Qf6 15. Nc4 Nc5 16. b4 Na4 17. Rd3 Qe6 18. Ne3 Bg6 19. Ng5 Qe7 20. Nf5 Qf6 21. Qf3 Rad8 22. h4 Rfe8 23. Nh6+ Kf8 24. Nhxf7 Rd7 25. Nxd6 Rxd6 26. Ba3 Qxf3 27. Rxf3+ Kg8 28. b5 c5 29. Re3 Rd2 30. Nf3 Rc2 31. Ne1 Rxc3 32. Rxc3 Nxc3 33. Bxc5 Bxe4 34. a4 Ra8 35. f3 Bg6 36. Bb4 Nd5 37. Bc5 a6 38. bxa6 Rxa6 39. Kf2 Ra5 40. g3 Rxc5 41. a5 Rb5 42. a6 Nb6 43. a7 Na8 44. Ng2 Rb2+ 45. Kg1 Rb1+ 46. Rxb1 Bxb1 47. Ne3 Kf7 48. Nc4 Ke6 49. Kf2 Ba2 50. Na5 Bd5 51. Ke3 Kd6 52. f4 exf4+ 53. gxf4 c5 54. Kd3 Kc7 55. Kc3 Kb6 56. Nc4+ Kxa7 57. Nd6 Nc7 58. Nf5 Ne6 59. Ne7 Nxf4 60. Nxd5 Nxd5+ 61. Kc4 Kb6 62. Kxd5 Kb5 63. Ke4 c4 64. Kd4 Kb4 65. Ke3 Kb3 66. Kd2 Kb2 0-1

[Event "European Corporate 2nd"]
[Site "Minsk"]
[Date "2019.08.30"]
[Round "4.1"]
[White "Kocheev, Aleksandr"]
[Black "Sviridov, Valery"]
[Result "0-1"]
[WhiteElo "2315"]
[BlackElo "2556"]
[PlyCount "106"]
[EventDate "2019.08.30"]
[EventType "team-swiss"]
[EventRounds "9"]
[EventCountry "BLR"]
[SourceTitle "EXT 2020"]
[Source "ChessBase"]
[SourceDate "2019.10.17"]
[SourceVersion "1"]
[SourceVersionDate "2019.10.17"]
[SourceQuality "1"]
[WhiteTeam "Belaruskali"]
[BlackTeam "Sberbank"]
[WhiteTeamCountry "BLR"]
[BlackTeamCountry "RUS"]

1. e4 Nf6 2. e5 Nd5 3. c4 Nb6 4. b3 g6 5. Qf3 c5 6. Bb2 Bg7 7. e6 f6 8. exd7+ Qxd7 9. Qe3 Na6 10. Nc3 0-0 11. Nf3 e5 12. Be2 Nb4 13. Rc1 Qe7 14. Ba3 Be6 15. Ne4 Nd7 16. Nxc5 Nxc5 17. Bxb4 Nd3+ 18. Qxd3 Qxb4 19. Qc3 Qxc3 20. Rxc3 e4 21. Nd4 Bf7 22. Rc1 f5 23. Nb5 Rfd8 24. Rc2 a6 25. Nc3 Rac8 26. 0-0 Rd7 27. Rd1 Rcd8 28. Na4 Bd4 29. Kf1 Kg7 30. c5 Be5 31. h3 Rc7 32. Bc4 Be8 33. Be2 Bd4 34. Rdc1 Kf6 35. Nb6 Bc6 36. Ke1 f4 37. b4 f3 38. gxf3 exf3 39. Bc4 Re7+ 40. Kf1 Re5 41. a4 Be4 42. d3 Bf5 43. h4 g5 44. hxg5+ Kxg5 45. Kg1 Kf4 46. b5 Bh3 47. Bf7 axb5 48. axb5 Rg5+ 49. Kh2 Bg2 50. Re1 Re5 51. Rxe5 Bxe5 52. Bd5 Kg4+ 53. Kg1 Rxd5 0-1

[Event "Minsk rapid op1"]
[Site "Minsk"]
[Date "2018.06.25"]
[Round "9"]
[White "Pankratov, Oleg"]
[Black "Kocheev, Aleksandr"]
[Result "1/2-1/2"]
[WhiteElo "2294"]
[BlackElo "2343"]
[PlyCount "135"]
[EventDate "2018.06.25"]
[EventType "swiss (rapid)"]
[EventRounds "9"]
[EventCountry "BLR"]
[SourceTitle "EXT 2021"]
[Source "ChessBase"]
[SourceDate "2020.10.23"]
[SourceVersion "1"]
[SourceVersionDate "2020.10.23"]
[SourceQuality "1"]

1. d4 d5 2. Nf3 Nf6 3. c4 dxc4 4. Qa4+ Nc6 5. Qxc4 Nd5 6. e3 Nb6 7. Qc2 g6 8. Be2 Bg7 9. 0-0 0-0 10. Rd1 Bf5 11. Qb3 a5 12. a4 Nb4 13. Na3 Be6 14. Qc3 Nxa4 15. Qe1 Nb6 16. h3 Bb3 17. Rd2 Bd5 18. Rd1 Qd7 19. Bd2 Bxf3 20. Bxf3 Nd3 21. Qe2 Nxb2 22. Rdb1 N2a4 23. Bxb7 Ra7 24. Bf3 e5 25. Nb5 Raa8 26. Ra2 c6 27. Nc3 Nxc3 28. Bxc3 Nd5 29. Ba1 exd4 30. exd4 Rab8 31. Qd1 Ra8 32. Rc1 Nb4 33. Ra4 Rfd8 34. Rc4 Nd5 35. Rc5 Qc7 36. Qc1 Nb4 37. Qc4 Re8 38. Bc3 Qf4 39. Ra1 Nd5 40. Bxd5 cxd5 41. Qxd5 Rad8 42. Qc6 Re6 43. Qc7 Qxc7 44. Rxc7 Bxd4 45. Bxd4 Rxd4 46. Rxa5 Rd1+ 47. Kh2 Rf6 48. f3 Rd2 49. Kg3 h5 50. h4 Rb6 51. Ra1 Rbb2 52. Rg1 Kg7 53. Re7 Kf6 54. Re4 Rdc2 55. Rf4+ Kg7 56. Re4 f5 57. Ra4 Kh6 58. Rd4 Re2 59. Rc4 g5 60. hxg5+ Kxg5 61. f4+ Kf6 62. Rc6+ Kf7 63. Rh6 Re4 64. Rf1 Ree2 65. Rg1 Re4 66. Rf1 Ree2 67. Rg1 Re4 68. Rf1 1/2-1/2

[Event "Minsk rapid op1"]
[Site "Minsk"]
[Date "2018.06.25"]
[Round "7"]
[White "Tsaruk, Maksim"]
[Black "Kocheev, Aleksandr"]
[Result "1-0"]
[WhiteElo "2115"]
[BlackElo "2343"]
[PlyCount "45"]
[EventDate "2018.06.25"]
[EventType "swiss (rapid)"]
[EventRounds "9"]
[EventCountry "BLR"]
[SourceTitle "EXT 2021"]
[Source "ChessBase"]
[SourceDate "2020.10.23"]
[SourceVersion "1"]
[SourceVersionDate "2020.10.23"]
[SourceQuality "1"]

1. e4 e5 2. Nf3 Nc6 3. Bb5 Nf6 4. 0-0 Nxe4 5. d4 Nd6 6. Bxc6 dxc6 7. dxe5 Nf5 8. Qxd8+ Kxd8 9. Nc3 Ke8 10. b3 b6 11. Ne4 Ba6 12. c4 Be7 13. Bf4 Bb7 14. c5 Rd8 15. Rac1 h6 16. h3 Rd5 17. b4 Kd7 18. Nc3 Rd3 19. e6+ Kxe6 20. Rfe1+ Kf6 21. Ne4+ Kg6 22. Ne5+ Kh7 23. Nxd3 1-0

[Event "Minsk Bronstein Memorial op"]
[Site "Minsk"]
[Date "2017.02.18"]
[Round "3"]
[White "Vashchilov, Sergey"]
[Black "Kocheev, Aleksandr"]
[Result "1-0"]
[WhiteElo "2124"]
[BlackElo "2316"]
[PlyCount "73"]
[EventDate "2017.02.18"]
[EventType "swiss (rapid)"]
[EventRounds "10"]
[EventCountry "BLR"]
[SourceTitle "EXT 2018"]
[Source "ChessBase"]
[SourceDate "2017.10.13"]
[SourceVersion "1"]
[SourceVersionDate "2017.10.13"]
[SourceQuality "1"]

1. e4 Nf6 2. e5 Nd5 3. c4 Nb6 4. d4 d6 5. exd6 cxd6 6. Nc3 g6 7. Be3 Bg7 8. Rc1 0-0 9. b3 Nc6 10. d5 Ne5 11. h3 f5 12. f4 Nf7 13. Nf3 e5 14. dxe6 Bxe6 15. Be2 Re8 16. Qd2 Qe7 17. Bd4 Bh6 18. 0-0 Nd7 19. Rce1 Nfe5 20. Bd1 Nc6 21. Nd5 Qd8 22. Bb2 Kf7 23. Qc3 Rg8 24. Qe3 Nc5 25. Ng5+ Bxg5 26. fxg5 Re8 27. Qc3 Ne5 28. Rxe5 dxe5 29. Qxe5 Rg8 30. Nf4 Qe7 31. Re1 Ne4 32. Ba3 Qxa3 33. Qxe6+ Kf8 34. Rxe4 Qc5+ 35. Re3 Rg7 36. Qf6+ Kg8 37. Qxg7+ 1-0

[Event "BLR-ch 83rd"]
[Site "Minsk"]
[Date "2017.01.18"]
[Round "9"]
[White "Kocheev, Aleksandr"]
[Black "Azarov, Sergei Nikolaevich"]
[Result "1/2-1/2"]
[WhiteElo "2319"]
[BlackElo "2594"]
[PlyCount "70"]
[EventDate "2017.01.10"]
[EventType "tourn"]
[EventRounds "11"]
[EventCountry "BLR"]
[EventCategory "10"]
[SourceTitle "CBM 176 Extra"]
[Source "ChessBase"]
[SourceDate "2017.03.02"]
[SourceVersion "1"]
[SourceVersionDate "2017.03.02"]
[SourceQuality "1"]

1. e4 c5 2. Be2 Nc6 3. f4 d6 4. Nf3 Nf6 5. d3 g6 6. 0-0 Bg7 7. c3 c4 8. d4 Nxe4 9. Bxc4 d5 10. Bd3 Bf5 11. Qe2 0-0 12. Nbd2 Nd6 13. Ne5 Rc8 14. Ndf3 e6 15. Bd2 Na5 16. Be1 Re8 17. g4 Be4 18. g5 Nac4 19. Bxe4 dxe4 20. Nh4 b5 21. Ng2 Nb6 22. Ne3 Nd5 23. Bd2 a5 24. Rae1 b4 25. c4 Nxe3 26. Bxe3 Bxe5 27. dxe5 Nxc4 28. Rd1 Qe7 29. Bf2 Qb7 30. Rfe1 b3 31. Qxe4 Qxe4 32. Rxe4 Nxb2 33. Ra1 a4 34. axb3 axb3 35. Re3 Red8 1/2-1/2

[Event "BLR-ch 83rd"]
[Site "Minsk"]
[Date "2017.01.16"]
[Round "7"]
[White "Kocheev, Aleksandr"]
[Black "Kovalev, Vladislav"]
[Result "0-1"]
[WhiteElo "2319"]
[BlackElo "2595"]
[PlyCount "62"]
[EventDate "2017.01.10"]
[EventType "tourn"]
[EventRounds "11"]
[EventCountry "BLR"]
[EventCategory "10"]
[SourceTitle "CBM 176 Extra"]
[Source "ChessBase"]
[SourceDate "2017.03.02"]
[SourceVersion "1"]
[SourceVersionDate "2017.03.02"]
[SourceQuality "1"]

1. e4 c5 2. Nf3 g6 3. d4 cxd4 4. Qxd4 Nf6 5. e5 Nc6 6. Qf4 Nd5 7. Qe4 Ndb4 8. a3 d5 9. Qe2 Na6 10. Nc3 d4 11. Ne4 Bg7 12. Bf4 0-0 13. 0-0-0 Bf5 14. Kb1 Nc7 15. h3 Qd5 16. Nc3 Qc5 17. Ne4 Qd5 18. Nc3 Qc5 19. Ne4 Qb6 20. g4 Be6 21. Qe1 Nd5 22. Bc1 Rac8 23. Bd3 Ndb4 24. axb4 Nxb4 25. Bg5 Ba2+ 26. Kc1 Bb3 27. Nxd4 Qxd4 28. Nc3 Bxe5 29. Bf5 Na2+ 30. Kb1 Nxc3+ 31. bxc3 Bxc2+ 0-1

[Event "Lazy op 12th"]
[Site "Lazy"]
[Date "2016.06.29"]
[Round "4"]
[White "Kubicka, Anna"]
[Black "Kocheev, Aleksandr"]
[Result "0-1"]
[WhiteElo "2171"]
[BlackElo "2345"]
[PlyCount "64"]
[EventDate "2016.06.26"]
[EventType "swiss"]
[EventRounds "9"]
[EventCountry "POL"]
[SourceTitle "CBM 173 Extra"]
[Source "ChessBase"]
[SourceDate "2016.08.29"]
[SourceVersion "1"]
[SourceVersionDate "2016.08.29"]
[SourceQuality "1"]

1. d4 d5 2. c4 dxc4 3. Nf3 Nf6 4. e3 Bg4 5. Bxc4 e6 6. Nc3 a6 7. h3 Bh5 8. g4 Bg6 9. Ne5 Nbd7 10. Nxg6 hxg6 11. Qf3 c6 12. Bd2 Nd5 13. e4 Nxc3 14. Bxc3 b5 15. Bb3 c5 16. d5 e5 17. d6 c4 18. Bc2 Bxd6 19. 0-0-0 Qe7 20. Rd2 Nc5 21. Rhd1 0-0-0 22. Ba5 Rd7 23. Bb6 Ne6 24. Qc3 Kb7 25. Qa5 Nd4 26. Bxd4 exd4 27. Rxd4 Bf4+ 28. Kb1 Rxd4 29. Rxd4 Rxh3 30. a4 Rh1+ 31. Ka2 Be5 32. Rd5 Ra1+ 0-1

[Event "Gora Sw Anny op 9th"]
[Site "Gora Sw Anny"]
[Date "2016.02.07"]
[Round "8"]
[White "Kosakowski, Jakub"]
[Black "Kocheev, Aleksandr"]
[Result "0-1"]
[WhiteElo "2253"]
[BlackElo "2360"]
[PlyCount "110"]
[EventDate "2016.02.01"]
[EventType "swiss"]
[EventRounds "10"]
[EventCountry "POL"]
[SourceTitle "CBM 170 Extra"]
[Source "ChessBase"]
[SourceDate "2016.02.25"]
[SourceVersion "1"]
[SourceVersionDate "2016.02.25"]
[SourceQuality "1"]

1. e4 Nf6 2. e5 Nd5 3. d4 d6 4. Nf3 c6 5. Be2 Bg4 6. h3 Bxf3 7. Bxf3 dxe5 8. dxe5 e6 9. 0-0 Nd7 10. Qe2 Qc7 11. Re1 Bc5 12. c3 0-0 13. Nd2 Nf4 14. Qe4 Ng6 15. Nc4 Rad8 16. Bg5 Be7 17. Bxe7 Nxe7 18. Rad1 Nd5 19. Nd6 f6 20. Nc4 b5 21. exf6 bxc4 22. Qxe6+ Rf7 23. Bxd5 cxd5 24. Qxd5 Qb6 25. Re6 Nf8 26. Rxb6 Rxd5 27. Rxd5 axb6 28. fxg7 Kxg7 29. Rb5 Rf6 30. b3 cxb3 31. axb3 Nd7 32. f3 Rd6 33. b4 Rc6 34. Rd5 Nf6 35. Rd3 Kf7 36. Kf2 Ke6 37. Ke2 Nd5 38. Kd2 Nf4 39. Re3+ Kf5 40. g4+ Kg5 41. Re5+ Kh4 42. Ke3 Kg3 43. Kd4 Rd6+ 44. Kc4 Nxh3 45. Kb5 Ng1 46. Rh5 Ne2 47. Rxh7 Nxc3+ 48. Ka6 Nd5 49. b5 Kxf3 50. g5 Kf4 51. Rh6 Rd7 52. Rxb6 Nxb6 53. Kxb6 Ke5 54. Kc6 Rd6+ 55. Kc7 Kd5 0-1

[Event "Gora Sw Anny op 9th"]
[Site "Gora Sw Anny"]
[Date "2016.02.04"]
[Round "5"]
[White "Kocheev, Aleksandr"]
[Black "Kantans, Toms"]
[Result "1/2-1/2"]
[WhiteElo "2360"]
[BlackElo "2513"]
[PlyCount "80"]
[EventDate "2016.02.01"]
[EventType "swiss"]
[EventRounds "10"]
[EventCountry "POL"]
[SourceTitle "CBM 170 Extra"]
[Source "ChessBase"]
[SourceDate "2016.02.25"]
[SourceVersion "1"]
[SourceVersionDate "2016.02.25"]
[SourceQuality "1"]

1. e4 c5 2. Nf3 d6 3. Bb5+ Nd7 4. d4 cxd4 5. Qxd4 Ngf6 6. Bg5 a6 7. Bxd7+ Bxd7 8. Bxf6 gxf6 9. c4 Rg8 10. 0-0 Qa5 11. Qd5 Qxd5 12. exd5 Rc8 13. Nbd2 Bh3 14. Ne1 Bh6 15. f4 b5 16. b3 Bf5 17. g3 bxc4 18. bxc4 e5 19. fxe5 Bh3 20. Ne4 Be3+ 21. Rf2 fxe5 22. Nxd6+ Kd7 23. Nxc8 Rxc8 24. Nd3 Kd6 25. Re1 Bd4 26. Kh1 Bxf2 27. Nxf2 Bf5 28. g4 Bc2 29. Ne4+ Bxe4+ 30. Rxe4 f6 31. Kg2 Kc5 32. Re2 Rg8 33. Re4 f5 34. Rxe5 Rxg4+ 35. Kf3 Rxc4 36. Rxf5 Ra4 37. Rh5 Rxa2 38. Rxh7 Kxd5 39. h4 a5 40. h5 a4 1/2-1/2

[Event "BLR-ch 82nd"]
[Site "Minsk"]
[Date "2016.01.18"]
[Round "12"]
[White "Kocheev, Aleksandr"]
[Black "Zhigalko, Andrey"]
[Result "1/2-1/2"]
[WhiteElo "2358"]
[BlackElo "2598"]
[PlyCount "111"]
[EventDate "2016.01.07"]
[EventType "tourn"]
[EventRounds "13"]
[EventCountry "BLR"]
[EventCategory "8"]
[SourceTitle "CBM 170 Extra"]
[Source "ChessBase"]
[SourceDate "2016.02.25"]
[SourceVersion "1"]
[SourceVersionDate "2016.02.25"]
[SourceQuality "1"]

1. e4 c5 2. Nf3 d6 3. Bb5+ Bd7 4. Bxd7+ Nxd7 5. 0-0 Ngf6 6. Qe2 Rc8 7. b3 g6 8. Bb2 Bg7 9. c4 0-0 10. d4 cxd4 11. Nxd4 a6 12. Nc3 e6 13. Rfd1 Qc7 14. Rac1 Rfd8 15. g3 Qb6 16. Kg2 Nc5 17. f3 Nfd7 18. Nc2 Ne5 19. Ne3 Qa5 20. Rd2 Rb8 21. Qd1 b5 22. cxb5 axb5 23. Ne2 Qb6 24. Bd4 b4 25. Nc4 Nxc4 26. Rxc4 Bxd4 27. Rcxd4 Nb7 28. Rc2 e5 29. Rdc4 Na5 30. Rc7 Rb7 31. Rc8 Rxc8 32. Rxc8+ Kg7 33. Qc2 Ra7 34. g4 Nb7 35. Ng3 Nc5 36. Qd2 Ne6 37. Ne2 Ra5 38. Rc4 Rb5 39. f4 d5 40. exd5 Qb7 41. Kf2 Rxd5 42. Qe3 exf4 43. Nxf4 Nxf4 44. Rxf4 Qc7 45. Kg2 Qc6 46. Rf3 h5 47. h3 Qd7 48. gxh5 Rxh5 49. Rf4 Rg5+ 50. Kf2 Rd5 51. Rxb4 Qf5+ 52. Rf4 Qc2+ 53. Kg1 Qxa2 54. Qc3+ Kg8 55. Qc8+ Kg7 56. Qc3+ 1/2-1/2

[Event "BLR-ch 82nd"]
[Site "Minsk"]
[Date "2016.01.17"]
[Round "11"]
[White "Kovalev, Vladislav"]
[Black "Kocheev, Aleksandr"]
[Result "1-0"]
[WhiteElo "2538"]
[BlackElo "2358"]
[PlyCount "79"]
[EventDate "2016.01.07"]
[EventType "tourn"]
[EventRounds "13"]
[EventCountry "BLR"]
[EventCategory "8"]
[SourceTitle "CBM 170 Extra"]
[Source "ChessBase"]
[SourceDate "2016.02.25"]
[SourceVersion "1"]
[SourceVersionDate "2016.02.25"]
[SourceQuality "1"]

1. e4 e5 2. Nf3 Nc6 3. Bb5 Nf6 4. d3 Ne7 5. d4 c6 6. dxe5 Nxe4 7. Bd3 Nc5 8. 0-0 d5 9. exd6 Qxd6 10. Re1 Nxd3 11. cxd3 Be6 12. Nc3 Nf5 13. Ne4 Qd5 14. Neg5 Bd6 15. Nxe6 fxe6 16. Re4 0-0 17. Qe2 Rae8 18. b3 Bc7 19. Bb2 Rd8 20. Rd1 Ne7 21. Rd4 Qf5 22. Rxd8 Rxd8 23. Nd4 Qe5 24. Qxe5 Bxe5 25. Nxe6 Rd5 26. d4 Bf6 27. Nf4 Rd7 28. Nh5 Be5 29. f4 Bc7 30. Re1 Nd5 31. Ba3 h6 32. f5 b5 33. Re8+ Kh7 34. Bc5 Bb6 35. Re6 Bxc5 36. dxc5 Nb4 37. a3 Nd3 38. b4 Rd5 39. g4 Ne5 40. h3 1-0

[Event "BLR-ch 82nd"]
[Site "Minsk"]
[Date "2016.01.16"]
[Round "10"]
[White "Kocheev, Aleksandr"]
[Black "Stupak, Kirill"]
[Result "0-1"]
[WhiteElo "2358"]
[BlackElo "2529"]
[PlyCount "48"]
[EventDate "2016.01.07"]
[EventType "tourn"]
[EventRounds "13"]
[EventCountry "BLR"]
[EventCategory "8"]
[SourceTitle "CBM 170 Extra"]
[Source "ChessBase"]
[SourceDate "2016.02.25"]
[SourceVersion "1"]
[SourceVersionDate "2016.02.25"]
[SourceQuality "1"]

1. d4 c5 2. dxc5 e6 3. e4 Bxc5 4. Bd3 Nc6 5. Nf3 Nf6 6. 0-0 d6 7. a3 a6 8. b4 Ba7 9. c4 0-0 10. h3 h6 11. Bb2 e5 12. Nc3 Ne7 13. Qd2 Be6 14. Rac1 Rc8 15. Nd5 Nfxd5 16. cxd5 Bd7 17. Rxc8 Bxc8 18. Qc3 Bb8 19. Rd1 Kh8 20. Bf1 f5 21. Nd2 Ba7 22. exf5 Qb6 23. Qe3 Qxe3 24. fxe3 Nxf5 0-1

[Event "BLR-ch 82nd"]
[Site "Minsk"]
[Date "2016.01.15"]
[Round "9"]
[White "Zhigalko, Sergei"]
[Black "Kocheev, Aleksandr"]
[Result "1-0"]
[WhiteElo "2655"]
[BlackElo "2358"]
[PlyCount "61"]
[EventDate "2016.01.07"]
[EventType "tourn"]
[EventRounds "13"]
[EventCountry "BLR"]
[EventCategory "8"]
[SourceTitle "CBM 170 Extra"]
[Source "ChessBase"]
[SourceDate "2016.02.25"]
[SourceVersion "1"]
[SourceVersionDate "2016.02.25"]
[SourceQuality "1"]

1. d4 d5 2. c4 dxc4 3. Nf3 Nf6 4. e3 Bg4 5. Bxc4 e6 6. Nc3 a6 7. h3 Bh5 8. g4 Bg6 9. Ne5 Nbd7 10. Nxg6 hxg6 11. Qf3 c6 12. Bd2 Be7 13. 0-0-0 c5 14. Qxb7 0-0 15. Bb3 Nb6 16. dxc5 Bxc5 17. g5 Rb8 18. Qxa6 Nfd5 19. Ne4 Be7 20. Kb1 Qc7 21. f4 Ra8 22. Qb5 Rfb8 23. Rc1 Qa7 24. Rhd1 Nd7 25. Qd3 Qb7 26. Rc4 Qa6 27. Rd4 Qb7 28. Rc1 Qb6 29. Rxd5 exd5 30. Qxd5 Qb5 31. Rc8+ 1-0

[Event "BLR-ch 82nd"]
[Site "Minsk"]
[Date "2016.01.13"]
[Round "7"]
[White "Kocheev, Aleksandr"]
[Black "Terzi, Alexei"]
[Result "0-1"]
[WhiteElo "2358"]
[BlackElo "2311"]
[PlyCount "116"]
[EventDate "2016.01.07"]
[EventType "tourn"]
[EventRounds "13"]
[EventCountry "BLR"]
[EventCategory "8"]
[SourceTitle "CBM 170 Extra"]
[Source "ChessBase"]
[SourceDate "2016.02.25"]
[SourceVersion "1"]
[SourceVersionDate "2016.02.25"]
[SourceQuality "1"]

1. e4 e6 2. d4 d5 3. Nc3 Bb4 4. e5 Ne7 5. Nf3 c5 6. a3 Bxc3+ 7. bxc3 Bd7 8. a4 Qa5 9. Bd2 Nbc6 10. Bd3 c4 11. Be2 0-0-0 12. Ng5 Rdf8 13. f4 f6 14. Nf3 Be8 15. 0-0 Bg6 16. Nh4 Be4 17. Bf3 f5 18. Bxe4 dxe4 19. Qe2 Qa6 20. Rfb1 Na5 21. Rb5 Nd5 22. g3 Nc7 23. Rb2 Qc6 24. Ng2 h5 25. h4 Nd5 26. Ne3 Nxe3 27. Bxe3 b6 28. Rb5 Rd8 29. Rab1 Rd5 30. R5b4 g6 31. Bc1 Rh7 32. Ba3 Rb7 33. Qf1 a6 34. R4b2 Qxa4 35. Bb4 Qc6 36. Ra2 Rb5 37. Rba1 Qd5 38. Ra4 Rc7 39. Kf2 Nc6 40. Bd6 Ra7 41. Ke3 Ra5 42. Qxc4 Qxc4 43. Rxc4 Kd7 44. Rb1 Rb7 45. Rc5 Rxc5 46. dxc5 b5 47. c4 b4 48. Rd1 Ke8 49. Ra1 a5 50. Kd2 Ra7 51. Ra4 Kd7 52. Ke3 Kc8 53. Bf8 Rb7 54. Ra1 b3 55. cxb3 Rxb3+ 56. Kf2 Nd4 57. c6 e3+ 58. Kg1 e2 0-1

[Event "BLR-ch 82nd"]
[Site "Minsk"]
[Date "2016.01.10"]
[Round "4"]
[White "Stetsko, Lanita"]
[Black "Kocheev, Aleksandr"]
[Result "0-1"]
[WhiteElo "2285"]
[BlackElo "2358"]
[PlyCount "66"]
[EventDate "2016.01.07"]
[EventType "tourn"]
[EventRounds "13"]
[EventCountry "BLR"]
[EventCategory "8"]
[SourceTitle "CBM 170 Extra"]
[Source "ChessBase"]
[SourceDate "2016.02.25"]
[SourceVersion "1"]
[SourceVersionDate "2016.02.25"]
[SourceQuality "1"]

1. e4 e5 2. Nf3 Nc6 3. Bb5 Nf6 4. d3 Bc5 5. Bxc6 dxc6 6. Nbd2 0-0 7. Nc4 Nd7 8. 0-0 Re8 9. Bd2 f6 10. Nh4 Nf8 11. Qh5 g6 12. Qd1 Ne6 13. Kh1 Bf8 14. g3 Bg7 15. Ne3 Nd4 16. c3 Ne6 17. Qc2 b6 18. Rad1 Ba6 19. Bc1 Qd7 20. b4 Rad8 21. Nc4 c5 22. a3 cxb4 23. cxb4 Nd4 24. Qc3 Qh3 25. Nd2 Ne2 26. Qb3+ Kh8 27. Ndf3 Bxd3 28. Rfe1 Nxc1 29. Rxc1 Qg4 30. Rxc7 Bxe4 31. Re3 Bd5 32. Qa4 g5 33. Rd3 gxh4 0-1

[Event "BLR-ch 82nd"]
[Site "Minsk"]
[Date "2016.01.09"]
[Round "3"]
[White "Kocheev, Aleksandr"]
[Black "Fedorov, Alexei"]
[Result "1/2-1/2"]
[WhiteElo "2358"]
[BlackElo "2563"]
[PlyCount "82"]
[EventDate "2016.01.07"]
[EventType "tourn"]
[EventRounds "13"]
[EventCountry "BLR"]
[EventCategory "8"]
[SourceTitle "CBM 170 Extra"]
[Source "ChessBase"]
[SourceDate "2016.02.25"]
[SourceVersion "1"]
[SourceVersionDate "2016.02.25"]
[SourceQuality "1"]

1. e4 c5 2. Nf3 d6 3. c3 Nf6 4. Be2 g6 5. 0-0 Bg7 6. Bb5+ Nc6 7. d4 0-0 8. Re1 Qb6 9. Bxc6 Qxc6 10. d5 Qa6 11. e5 dxe5 12. Nxe5 Qd6 13. c4 b5 14. Nc3 bxc4 15. Nxc4 Qa6 16. b3 Bb7 17. Bb2 Rad8 18. Rxe7 Nxd5 19. Nxd5 Rxd5 20. Qf1 Rg5 21. f3 Bxb2 22. Nxb2 Qf6 23. Rxb7 Qxb2 24. Rd1 Qxa2 25. f4 Rf5 26. Qc4 Re8 27. Rbd7 Qa5 28. h3 Re1+ 29. Kh2 Rxd1 30. Rxd1 Qc7 31. g3 Qe7 32. h4 h6 33. Qb5 g5 34. hxg5 hxg5 35. Qd3 Qe6 36. fxg5 Rf2+ 37. Kg1 Re2 38. g6 fxg6 39. Qd8+ Qe8 40. Qd5+ Kg7 41. Qxc5 Qe3+ 1/2-1/2

[Event "BLR-ch 82nd"]
[Site "Minsk"]
[Date "2016.01.08"]
[Round "2"]
[White "Meribanov, Vitaly"]
[Black "Kocheev, Aleksandr"]
[Result "1/2-1/2"]
[WhiteElo "2398"]
[BlackElo "2358"]
[PlyCount "67"]
[EventDate "2016.01.07"]
[EventType "tourn"]
[EventRounds "13"]
[EventCountry "BLR"]
[EventCategory "8"]
[SourceTitle "CBM 170 Extra"]
[Source "ChessBase"]
[SourceDate "2016.02.25"]
[SourceVersion "1"]
[SourceVersionDate "2016.02.25"]
[SourceQuality "1"]

1. e4 e5 2. Nf3 Nc6 3. Bb5 Nf6 4. 0-0 Nxe4 5. d4 Nd6 6. Bxc6 dxc6 7. dxe5 Nf5 8. Qxd8+ Kxd8 9. Nc3 Ke8 10. h3 h5 11. b3 Be7 12. Bb2 Be6 13. Ne4 c5 14. c4 Kd7 15. Nfg5 h4 16. Rad1+ Kc6 17. Rd3 Rad8 18. Rfd1 Rxd3 19. Rxd3 Rh5 20. Nxe6 fxe6 21. Kh2 a5 22. g4 hxg3+ 23. Nxg3 Rh4 24. Nxf5 exf5 25. Kg2 Re4 26. Re3 Rxe3 27. fxe3 g6 28. Kf3 Kd7 29. e4 Ke6 30. a4 Bg5 31. Bc3 b6 32. Bb2 Bd2 33. Ba1 f4 34. h4 1/2-1/2